Trap pond mapping in svayrieng province, ការធ្វើផែនទីកំណត់តំបន់សំបូរត្រី និងខ្សត់ត្រីក្នុងខេត្តស្វាយរៀង (Record no. 3759)
[ view plain ]
| 000 -LEADER | |
|---|---|
| fixed length control field | 00584nam a22001577a 4500 |
| 003 - CONTROL NUMBER IDENTIFIER | |
| control field | OSt |
| 005 - DATE AND TIME OF LATEST TRANSACTION | |
| control field | 20151130152338.0 |
| 008 - FIXED-LENGTH DATA ELEMENTS--GENERAL INFORMATION | |
| fixed length control field | 151130b xxu||||| |||| 00| 0 eng d |
| 040 ## - CATALOGING SOURCE | |
| Transcribing agency | RUA |
| 082 ## - DEWEY DECIMAL CLASSIFICATION NUMBER | |
| Classification number | FIS SOK 1999 B169 Or.1 |
| 100 ## - MAIN ENTRY--PERSONAL NAME | |
| 9 (RLIN) | 4039 |
| Personal name | SOK, PISETH. |
| 245 ## - TITLE STATEMENT | |
| Title | Trap pond mapping in svayrieng province, ការធ្វើផែនទីកំណត់តំបន់សំបូរត្រី និងខ្សត់ត្រីក្នុងខេត្តស្វាយរៀង |
| 260 ## - PUBLICATION, DISTRIBUTION, ETC. (IMPRINT) | |
| Place of publication, distribution, etc. | Phnom Penh |
| Name of publisher, distributor, etc. | RUA |
| Date of publication, distribution, etc. | 1999 |
| 300 ## - PHYSICAL DESCRIPTION | |
| Extent | 54p. |
| Other physical details | ill. |
| Dimensions | 29cm. |
| 942 ## - ADDED ENTRY ELEMENTS (KOHA) | |
| Source of classification or shelving scheme | |
| Koha item type | FIS |
| Price effective from | Date last seen | Permanent Location | Not for loan | Date acquired | Source of classification or shelving scheme | Koha item type | Barcode | Lost status | Damaged status | Shelving location | Withdrawn status | Current Location | Full call number |
|---|---|---|---|---|---|---|---|---|---|---|---|---|---|
| 2015-11-30 | 2015-11-30 | Library Block B | 2015-11-30 | FIS | RUA025535 | B169 | Library Block B | FIS SOK 1999 B169 Or.1 | |||||
| 2015-11-30 | 2015-11-30 | Library Block B | 2015-11-30 | FIS | RUA025608 | B169 | Library Block B | FIS SOK 1999 B169 Or.2 | |||||
| 2015-11-30 | 2015-11-30 | Library Block B | 2015-11-30 | FIS | RUA025962 | B169 | Library Block B | FIS SOK 1999 B169 Or.3 | |||||
| 2015-11-30 | 2015-11-30 | Library Block B | 2015-11-30 | FIS | RUA025890 | B169 | Library Block B | FIS SOK 1999 B169 Or.4 | |||||
| 2015-11-30 | 2015-11-30 | Library Block B | 2015-11-30 | FIS | RUA025818 | B169 | Library Block B | FIS SOK 1999 B169 Or.5 | |||||
| 2015-11-30 | 2015-11-30 | Library Block B | 2015-11-30 | FIS | RUA025746 | B169 | Library Block B | FIS SOK 1999 B169 Or.6 | |||||
| 2015-11-30 | 2015-11-30 | Library Block B | 2015-11-30 | FIS | RUA025674 | B169 | Library Block B | FIS SOK 1999 B169 Or.7 | |||||
| 2015-11-30 | 2015-11-30 | Library Block B | 2015-11-30 | FIS | RUA027215 | B169 | Library Block B | FIS SOK 1999 B169 Or.8 | |||||
| 2015-11-30 | 2015-11-30 | Library Block B | 2015-11-30 | FIS | RUA027143 | B169 | Library Block B | FIS SOK 1999 B169 Or.9 | |||||
| 2015-11-30 | 2015-11-30 | Library Block B | 2015-11-30 | FIS | RUA027071 | B169 | Library Block B | FIS SOK 1999 B169 Or.10 | |||||
| 2015-11-30 | 2015-11-30 | Library Block B | 2015-11-30 | FIS | RUA027359 | B169 | Library Block B | FIS SOK 1999 B169 Or.11 | |||||
| 2015-12-01 | 2015-12-01 | Library Block B | 2015-12-01 | FIS | RUA025931 | B169 | Library Block B | FIS SOK 1999 B169 Or.12 |